000 nam a22 7a 4500
999 _c16605
_d16605
008 161115b xxu||||| |||| 00| 0 eng d
020 _a 9781933107837
050 _aRT 55 .N88 2011
100 _aNutrition for nursing.
_d2011
245 _aNutrition for nursing/
_cNutrition for nursing.
260 _a[Place of publication not identified] :
_bATI Nursing education,
_c2011.
300 _avii, 151 pages.
_c25cm.
521 _aIncludes references.
650 _aNursing.
650 _aNutrition.
650 _aDiet therapy.
942 _2lcc
_cBOOKS
_hRT 55 .N88 2011